[Event "14th EUR-ch"]
[Site "Minsk BLR"]
[Date "2017.05.30"]
[Round "1.59"]
[White "Bartel, Michal"]
[Black "Demchenko, Anton"]
[Result "0-1"]
[WhiteElo "2361"]
[BlackElo "2629"]
[EventDate "2017.05.30"]
[PlyCount "90"]

1.e4 g6 2.d4 Bg7 3.Nc3 d6 4.f4 Nf6 5.Nf3 O-O 6.Bd3 Nc6 7.O-O e5 8.fxe5 
dxe5 9.d5 Ne7 10.Nxe5 c6 11.Kh1 cxd5 12.Bg5 Qc7 13.Bf4 Qc5 14.Qe1 Nh5 15.
b4 Qb6 16.exd5 Nxf4 17.Rxf4 Qc7 18.Re4 Bf5 19.d6 Qxd6 20.Nc4 Qxb4 21.Rb1 
Qxc3 22.Qxc3 Bxc3 23.Rxe7 Bxd3 24.cxd3 b6 25.Rf1 f5 26.Rc7 Rf7 27.Rxf7 
Kxf7 28.Rc1 Bb4 29.Ne5+ Kf6 30.d4 Bd6 31.Nc6 Ke6 32.g3 Kd5 33.Kg2 a5 34.a4
f4 35.gxf4 Bxf4 36.Rc2 Bd6 37.Kf3 Rf8+ 38.Ke3 Rf7 39.Ne5 Re7 40.Kd3 Bxe5 
41.dxe5 Rxe5 42.Rb2 Kc6 43.Rc2+ Rc5 44.Rf2 Rh5 45.Rc2+ Kd5 0-1

[Event "14th EUR-ch"]
[Site "Minsk BLR"]
[Date "2017.05.30"]
[Round "1.60"]
[White "Kovalev, Vladislav"]
[Black "Saveljev, Vladislav"]
[Result "1-0"]
[WhiteElo "2629"]
[BlackElo "2360"]
[EventDate "2017.05.30"]
[PlyCount "51"]

1.e4 d6 2.d4 Nf6 3.Nc3 c6 4.Bg5 Nbd7 5.f4 Qa5 6.Qd2 e5 7.Nf3 Be7 8.g3 h6 
9.Bh4 b5 10.Bd3 Bb7 11.dxe5 dxe5 12.fxe5 Nxe5 13.Nxe5 g5 14.Nf3 b4 15.Ne2 
Ng4 16.Ned4 Ne5 17.Nxe5 Qxe5 18.Nf5 gxh4 19.Qf4 Qxb2 20.Ke2 Rd8 21.Rab1 
Qf6 22.Rhf1 hxg3 23.hxg3 Rd7 24.Qb8+ Bd8 25.Rxb4 O-O 26.Rxb7 1-0

[Event "14th EUR-ch"]
[Site "Minsk BLR"]
[Date "2017.05.30"]
[Round "1.61"]
[White "Birnboim, Nathan"]
[Black "Salgado Lopez, Ivan"]
[Result "1/2-1/2"]
[WhiteElo "2358"]
[BlackElo "2627"]
[EventDate "2017.05.30"]
[PlyCount "121"]

1.c4 c5 2.Nf3 Nc6 3.g3 g6 4.Bg2 Bg7 5.O-O d6 6.Nc3 Bf5 7.d3 Qd7 8.Nd5 Nf6 
9.Rb1 O-O 10.Bg5 Nxd5 11.cxd5 Nb4 12.a3 Na6 13.e4 Bg4 14.h3 Bxf3 15.Bxf3 
Nc7 16.Bg4 e6 17.h4 b6 18.Be3 Qe7 19.Re1 h6 20.h5 g5 21.Bf3 exd5 22.exd5 
Qf6 23.Kg2 a5 24.a4 b5 25.Bd2 Rfb8 26.Bc3 Qd8 27.Bxg7 Kxg7 28.d4 c4 29.Qc2
bxa4 30.Ra1 Rb4 31.Rxa4 Rab8 32.Rxa5 Nb5 33.Ra6 Qf6 34.Re4 Rb3 35.Bg4 Na3 
36.Qd1 Rxb2 37.Qf3 Qxf3+ 38.Bxf3 Nb5 39.Rc6 c3 40.Be2 c2 41.Bd3 Na3 42.Re7
Nb5 43.Bxc2 Kf8 44.Re4 f5 45.Re6 Nxd4 46.Bxf5 Nxe6 47.dxe6 Re2 48.Rxd6 
Rbb2 49.Rd8+ Ke7 50.Rd7+ Kf6 51.Rf7+ Ke5 52.Bg4 Re4 53.Kh3 Rbb4 54.Rf8 Kd6
55.Rd8+ Ke7 56.Rd7+ Kf6 57.Rf7+ Ke5 58.Rf8 Kd6 59.Rd8+ Ke7 60.Rd7+ Kf6 61.
Rf7+ 1/2-1/2

[Event "14th EUR-ch"]
[Site "Minsk BLR"]
[Date "2017.05.30"]
[Round "1.62"]
[White "Kobalia, Mikhail"]
[Black "Kerigan, Demre"]
[Result "1/2-1/2"]
[WhiteElo "2624"]
[BlackElo "2358"]
[EventDate "2017.05.30"]
[PlyCount "77"]

1.e4 c5 2.Nf3 e6 3.d4 cxd4 4.Nxd4 Nc6 5.Nc3 Qc7 6.Be2 Nf6 7.O-O a6 8.Be3 
Bb4 9.Na4 Be7 10.c4 d6 11.Nc3 O-O 12.Rc1 Nxd4 13.Qxd4 b6 14.f4 Bb7 15.Rcd1
Bc6 16.f5 Rae8 17.fxe6 fxe6 18.Qxb6 Qxb6 19.Bxb6 Rb8 20.Bc7 Rxb2 21.Bxd6 
Bxd6 22.Rxd6 Nxe4 23.Rxc6 Nxc3 24.Bg4 Rxf1+ 25.Kxf1 e5 26.c5 e4 27.Rb6 Rc2
28.Be6+ Kf8 29.Bb3 Rb2 30.Re6 Nxa2 31.Bc4 Rc2 32.Rxe4 Nb4 33.Bb3 Rc1+ 34.
Ke2 a5 35.Rf4+ Ke8 36.Re4+ Kf8 37.Rf4+ Ke8 38.Re4+ Kf8 39.Rf4+ 1/2-1/2

[Event "14th EUR-ch"]
[Site "Minsk BLR"]
[Date "2017.05.30"]
[Round "1.63"]
[White "Teclaf, Pawel"]
[Black "Andriasian, Zaven"]
[Result "0-1"]
[WhiteElo "2358"]
[BlackElo "2622"]
[EventDate "2017.05.30"]
[PlyCount "82"]

1.e4 c5 2.Nf3 d6 3.d4 cxd4 4.Nxd4 Nf6 5.Nc3 a6 6.Bc4 e6 7.a3 b5 8.Ba2 Bb7 
9.Qe2 Nc6 10.Nxc6 Bxc6 11.Nd5 Bb7 12.Nxf6+ Qxf6 13.O-O Be7 14.c3 Qg6 15.f3
O-O 16.Bf4 Rfd8 17.Rfd1 a5 18.Qf2 Qh5 19.Be3 d5 20.Bc5 Bh4 21.g3 Bf6 22.
Bb6 dxe4 23.Bxd8 Bxd8 24.Rd7 Bc6 25.Rd6 Be8 26.fxe4 Be7 27.Rad1 b4 28.Kg2 
Bxd6 29.Rxd6 h6 30.Qd2 bxc3 31.bxc3 Qc5 32.Rd8 Rxd8 33.Qxd8 Kf8 34.Qd4 
Qxa3 35.Bc4 a4 36.Kh3 Qe7 37.e5 g6 38.Qb6 Kg7 39.Bb5 Bxb5 40.Qxb5 Qa7 41.
Qc4 Qf2 0-1

[Event "14th EUR-ch"]
[Site "Minsk BLR"]
[Date "2017.05.30"]
[Round "1.64"]
[White "Fedorchuk, Sergei"]
[Black "Rozhko, Dmitry"]
[Result "1-0"]
[WhiteElo "2621"]
[BlackElo "2351"]
[EventDate "2017.05.30"]
[PlyCount "69"]

1.e4 c6 2.d4 d5 3.Nd2 dxe4 4.Nxe4 Bf5 5.Ng3 Bg6 6.Nh3 e6 7.Nf4 Bd6 8.c3 
Nf6 9.h4 Bxf4 10.Bxf4 h6 11.h5 Bh7 12.Qb3 Qe7 13.Be2 O-O 14.O-O a5 15.c4 
a4 16.Qc3 Nbd7 17.Bf3 Rfc8 18.Rac1 Qd8 19.Rfe1 Qa5 20.Qa3 b5 21.cxb5 Qxb5 
22.Bd6 Bd3 23.Ne2 Bc4 24.Nc3 Qg5 25.Qb4 Bd5 26.Nxd5 cxd5 27.Rxc8+ Rxc8 28.
Qxa4 Qd2 29.Qb4 Qc2 30.Qb3 Qf5 31.Qb5 Rc2 32.a4 Qg5 33.Rd1 e5 34.dxe5 Nxe5
35.Qb8+ 1-0

[Event "14th EUR-ch"]
[Site "Minsk BLR"]
[Date "2017.05.30"]
[Round "1.65"]
[White "Lesovoi, Evgenij"]
[Black "Maze, Sebastien"]
[Result "1/2-1/2"]
[WhiteElo "2351"]
[BlackElo "2619"]
[EventDate "2017.05.30"]
[PlyCount "85"]

1.d4 Nf6 2.c4 g6 3.g3 Bg7 4.Bg2 O-O 5.Nc3 d6 6.Nf3 c6 7.O-O Qa5 8.h3 e5 9.
e4 Nbd7 10.Re1 Re8 11.d5 cxd5 12.cxd5 b5 13.a4 a6 14.b4 Qxb4 15.Bd2 bxa4 
16.Nxa4 Qb8 17.Rb1 Qc7 18.Rc1 Qd8 19.Bb4 Bf8 20.Nd2 a5 21.Ba3 Ba6 22.Nc4 
Bxc4 23.Rxc4 Nb6 24.Rc6 Nxa4 25.Qxa4 h5 26.Rb1 h4 27.g4 Qd7 28.Rbb6 Reb8 
29.Qb5 Qd8 30.Bf3 Nh7 31.Rxb8 Rxb8 32.Qd3 Ng5 33.Bd1 Qf6 34.Kg2 Qd8 35.Bc2
Ra8 36.Ba4 Qb8 37.Bc1 Be7 38.Be3 Nh7 39.Rb6 Qd8 40.Bc6 Rb8 41.Qb5 Rxb6 42.
Bxb6 Qf8 43.Qxa5 1/2-1/2

[Event "14th EUR-ch"]
[Site "Minsk BLR"]
[Date "2017.05.30"]
[Round "1.66"]
[White "Popov, Ivan"]
[Black "Badelka, Olga"]
[Result "1-0"]
[WhiteElo "2618"]
[BlackElo "2350"]
[EventDate "2017.05.30"]
[PlyCount "71"]

1.e4 c5 2.Nf3 Nc6 3.Bb5 e6 4.Bxc6 bxc6 5.b3 Ne7 6.Bb2 d5 7.d3 Ng6 8.h4 h5 
9.Nbd2 d4 10.e5 Qd5 11.Nc4 f6 12.O-O Be7 13.Re1 O-O 14.g3 Ba6 15.Nfd2 Nxe5
16.Nxe5 fxe5 17.Qxh5 Rf5 18.Qg4 Raf8 19.Re2 Bc8 20.Ne4 Bd7 21.Bc1 Be8 22.
Bh6 R5f7 23.Rae1 Kh8 24.Bg5 Bxg5 25.hxg5 Rf5 26.g6 Kg8 27.f3 R8f6 28.Nxf6+
gxf6 29.Rh2 Rg5 30.Qh4 Bxg6 31.Qh8+ Kf7 32.Kf2 Rf5 33.Re4 c4 34.Qb8 cxd3 
35.Rh8 Rxf3+ 36.Kg2 1-0

[Event "14th EUR-ch"]
[Site "Minsk BLR"]
[Date "2017.05.30"]
[Round "1.67"]
[White "Pogosyan, Stefan"]
[Black "Saric, Ivan"]
[Result "0-1"]
[WhiteElo "2347"]
[BlackElo "2618"]
[EventDate "2017.05.30"]
[PlyCount "68"]

1.Nf3 d5 2.d4 Nf6 3.c4 c6 4.Nbd2 Bf5 5.Nh4 Be4 6.e3 e6 7.Be2 Nbd7 8.O-O 
Bd6 9.Nxe4 dxe4 10.g3 g5 11.Ng2 h5 12.h4 gxh4 13.Nxh4 Qc7 14.Qe1 O-O-O 15.
c5 Be7 16.b4 Nd5 17.Ng2 h4 18.b5 cxb5 19.g4 Rdg8 20.Kh1 N7f6 21.a4 b4 22.
a5 Nxg4 23.Nf4 Nxf4 24.exf4 Qc6 25.a6 e3+ 26.f3 Nf2+ 27.Rxf2 exf2 28.axb7+
Kxb7 29.Qxf2 Rg3 30.Be3 Rhg8 31.Qf1 Ka8 32.f5 Qd5 33.Bf4 Qxd4 34.Bxg3 hxg3
0-1

[Event "14th EUR-ch"]
[Site "Minsk BLR"]
[Date "2017.05.30"]
[Round "1.68"]
[White "Kozul, Zdenko"]
[Black "Tutisani, Noe"]
[Result "1-0"]
[WhiteElo "2617"]
[BlackElo "2347"]
[EventDate "2017.05.30"]
[PlyCount "89"]

1.Nf3 Nf6 2.c4 b6 3.d4 Bb7 4.Nc3 e6 5.a3 d5 6.cxd5 Nxd5 7.e3 Be7 8.Bb5+ c6
9.Bd3 O-O 10.Qc2 h6 11.O-O Nxc3 12.bxc3 c5 13.Qe2 Qc8 14.Bb2 Bf6 15.c4 Nd7
16.Nd2 cxd4 17.exd4 Nc5 18.dxc5 Bxb2 19.Rab1 Bd4 20.cxb6 axb6 21.Rb3 Rd8 
22.Be4 Bxe4 23.Nxe4 Ra4 24.Rc1 Qa8 25.Rd1 Rxa3 26.Rxa3 Qxa3 27.h4 Qe7 28.
h5 Qc7 29.Kf1 Qe5 30.g3 f5 31.Nc3 Qf6 32.Nb5 e5 33.Kg2 Qc6+ 34.f3 Qf6 35.
Kh3 f4 36.g4 Be3 37.Nc3 Rxd1 38.Qxd1 Bd4 39.Ne4 Qc6 40.Qb3 Kh7 41.Kg2 Qa8 
42.Qb1 Kh8 43.g5 Qa3 44.g6 Qe3 45.Qa2 1-0

[Event "14th EUR-ch"]
[Site "Minsk BLR"]
[Date "2017.05.30"]
[Round "1.69"]
[White "Buksa, Nataliya"]
[Black "Banusz, Tamas"]
[Result "0-1"]
[WhiteElo "2344"]
[BlackElo "2616"]
[EventDate "2017.05.30"]
[PlyCount "76"]

1.e4 c5 2.Nf3 e6 3.d4 cxd4 4.Nxd4 Nf6 5.Nc3 Nc6 6.Ndb5 d6 7.Bf4 e5 8.Bg5 
a6 9.Na3 b5 10.Nd5 Be7 11.Bxf6 Bxf6 12.c4 b4 13.Nc2 O-O 14.b3 a5 15.h4 Be6
16.g3 Rb8 17.Bh3 Qd7 18.Bg2 Bd8 19.O-O Bxd5 20.Qxd5 Ne7 21.Qd2 Bb6 22.Rad1
Bc5 23.Ne3 Kh8 24.Kh2 a4 25.Bh3 Qa7 26.Nf5 Rb6 27.Nxe7 Qxe7 28.Qd5 Ra6 29.
Rd3 axb3 30.axb3 Ra2 31.Rf3 g6 32.Kg2 Kg7 33.Re1 h5 34.Qc6 Rfa8 35.Rd1 
R8a7 36.Qd5 Bd4 37.Bc8 R2a5 38.Qc6 Rc5 0-1

[Event "14th EUR-ch"]
[Site "Minsk BLR"]
[Date "2017.05.30"]
[Round "1.70"]
[White "Tomczak, Jacek"]
[Black "Yeritsyan, Aram"]
[Result "1-0"]
[WhiteElo "2615"]
[BlackElo "2342"]
[EventDate "2017.05.30"]
[PlyCount "77"]

1.e4 e5 2.Nf3 Nc6 3.d4 exd4 4.Nxd4 Bb4+ 5.c3 Bc5 6.Be3 Bb6 7.Qg4 Nf6 8.
Qxg7 Rg8 9.Qh6 d5 10.Bb5 Bd7 11.Bxc6 bxc6 12.e5 Rg6 13.Qh4 Ng4 14.Qxd8+ 
Kxd8 15.Bf4 f6 16.exf6 Nxf6 17.Nd2 Nh5 18.Bg3 c5 19.Ne2 Re6 20.Kd1 Kc8 21.
c4 d4 22.Nc1 Bc6 23.Rg1 Kb7 24.Nd3 Rae8 25.a4 a5 26.Nb3 Rf6 27.Be5 Rg6 28.
Nbxc5+ Bxc5 29.Nxc5+ Kb6 30.Nd3 Bxg2 31.Bxd4+ Kb7 32.Kd2 Rd8 33.Kc3 Rgd6 
34.Nc5+ Kc6 35.Nb3 Nf4 36.Rae1 Bf3 37.Rg7 Kb7 38.Rge7 Ra8 39.R1e5 1-0

[Event "14th EUR-ch"]
[Site "Minsk BLR"]
[Date "2017.05.30"]
[Round "1.71"]
[White "Belous, Mikhail"]
[Black "Erdos, Viktor"]
[Result "0-1"]
[WhiteElo "2340"]
[BlackElo "2614"]
[EventDate "2017.05.30"]
[PlyCount "74"]

1.d4 Nf6 2.c4 g6 3.Nc3 d5 4.cxd5 Nxd5 5.e4 Nxc3 6.bxc3 Bg7 7.Bc4 c5 8.Ne2 
Nc6 9.Be3 O-O 10.O-O Bg4 11.f3 Bd7 12.Rb1 Qc7 13.Qd2 Rad8 14.Rfc1 Bc8 15.
h4 Na5 16.Bd3 f5 17.Bh6 e5 18.exf5 gxf5 19.Bg5 Rd7 20.h5 f4 21.Qc2 h6 22.
Bh4 b6 23.Bf2 Nb7 24.Be4 Re7 25.Bxb7 Bxb7 26.dxc5 e4 27.cxb6 axb6 28.Bxb6 
Qc8 29.Nd4 exf3 30.gxf3 Re5 31.Qh2 Qe8 32.Kf1 Qf7 33.Kf2 Rxh5 34.Qg2 Rg5 
35.Qh3 Qxa2+ 36.Nc2 Rg3 37.Qd7 Rxf3+ 0-1

[Event "14th EUR-ch"]
[Site "Minsk BLR"]
[Date "2017.05.30"]
[Round "1.72"]
[White "Melkumyan, Hrant"]
[Black "Molchanov, Oleksii"]
[Result "1-0"]
[WhiteElo "2613"]
[BlackElo "2334"]
[EventDate "2017.05.30"]
[PlyCount "81"]

1.Nf3 Nf6 2.g3 d5 3.Bg2 c6 4.O-O Bf5 5.c4 e6 6.cxd5 cxd5 7.d3 Nc6 8.Qb3 
Qd7 9.Be3 Be7 10.Nd4 Nxd4 11.Bxd4 O-O 12.Nc3 Bg6 13.Rad1 Ng4 14.e4 e5 15.
Qxd5 Qc7 16.Nb5 Qc2 17.Bc3 Rfd8 18.Qb3 Qxb3 19.axb3 f6 20.Nc7 Rab8 21.h3 
Nh6 22.d4 exd4 23.Bxd4 b6 24.Nd5 Bf8 25.Ra1 f5 26.Be5 Rbc8 27.Rxa7 fxe4 
28.Ne7+ Bxe7 29.Rxe7 Nf5 30.Rb7 Re8 31.Bc3 Re6 32.Re1 Rce8 33.g4 Nh4 34.
Rxg7+ Kf8 35.Rd7 Nxg2 36.Kxg2 Bf7 37.Ra1 e3 38.Raa7 Bg6 39.Bb4+ Kg8 40.
Rg7+ Kh8 41.Bc3 1-0

[Event "14th EUR-ch"]
[Site "Minsk BLR"]
[Date "2017.05.30"]
[Round "1.73"]
[White "Lomako, Pavel"]
[Black "Hracek, Zbynek"]
[Result "0-1"]
[WhiteElo "2333"]
[BlackElo "2612"]
[EventDate "2017.05.30"]
[PlyCount "28"]

1.c4 c5 2.Nc3 g6 3.g3 Bg7 4.Bg2 Nc6 5.e3 d6 6.Nge2 Bd7 7.O-O Qc8 8.Nf4 h5 
9.h3 Be5 10.Nfd5 Bxh3 11.Bxh3 Qxh3 12.Nc7+ Kd7 13.Nxa8 h4 14.f4 hxg3 0-1

[Event "14th EUR-ch"]
[Site "Minsk BLR"]
[Date "2017.05.30"]
[Round "1.74"]
[White "Alekseev, Evgeny"]
[Black "Filipets, Egor"]
[Result "1-0"]
[WhiteElo "2610"]
[BlackElo "2328"]
[EventDate "2017.05.30"]
[PlyCount "55"]

1.e4 d6 2.d4 Nf6 3.Bd3 e5 4.c3 Nc6 5.Nf3 g6 6.O-O Bg7 7.Re1 O-O 8.Nbd2 Nh5
9.Nb3 Bg4 10.Be2 a5 11.a4 exd4 12.cxd4 Nf6 13.h3 Bc8 14.Bd3 Nb4 15.Bb1 b6 
16.d5 Nd7 17.Nbd4 Nc5 18.Bg5 Qd7 19.Ra3 Ba6 20.Nh2 h6 21.Bc1 Rae8 22.Ng4 
Kh7 23.Bxh6 Qe7 24.Qd2 Rh8 25.Rg3 Bc8 26.Bg5 f6 27.Bxf6 Qf8 28.e5 1-0

[Event "14th EUR-ch"]
[Site "Minsk BLR"]
[Date "2017.05.30"]
[Round "1.75"]
[White "Haring, Filip"]
[Black "Onischuk, Vladimir"]
[Result "0-1"]
[WhiteElo "2328"]
[BlackElo "2608"]
[EventDate "2017.05.30"]
[PlyCount "68"]

1.e4 e6 2.d3 d5 3.Nd2 Nf6 4.Ngf3 c5 5.g3 Nc6 6.Bg2 Be7 7.O-O O-O 8.e5 Nd7 
9.Re1 Qc7 10.Qe2 b5 11.c3 c4 12.d4 b4 13.Nf1 a5 14.h4 a4 15.a3 bxc3 16.
bxc3 Ba6 17.Ne3 Rfb8 18.Ng5 Nf8 19.Qh5 Nd8 20.Ng4 Rb3 21.Bf4 Qd7 22.Re3 
Bb5 23.Rf3 Qe8 24.Nf6+ gxf6 25.exf6 Bxf6 26.Bd6 Be7 27.Qh6 Bxd6 28.Re1 Ra7
29.Rf6 Be7 30.Be4 dxe4 31.Nxe4 Bc6 32.Qg5+ Ng6 33.h5 Bxe4 34.h6 Rb1 0-1

[Event "14th EUR-ch"]
[Site "Minsk BLR"]
[Date "2017.05.30"]
[Round "1.76"]
[White "Parligras, Mircea-Emilian"]
[Black "Demianjuk, Alexander"]
[Result "1/2-1/2"]
[WhiteElo "2607"]
[BlackElo "2328"]
[EventDate "2017.05.30"]
[PlyCount "99"]

1.Nf3 Nf6 2.c4 g6 3.Nc3 Bg7 4.e4 d6 5.d4 O-O 6.h3 e5 7.d5 Nh5 8.g3 Na6 9.
Nh2 c6 10.Be2 cxd5 11.cxd5 Bd7 12.Be3 Rc8 13.Rc1 b5 14.a3 Nc7 15.Bxa7 Bh6 
16.Ra1 Ra8 17.Ng4 Bg5 18.Be3 Bxe3 19.Nxe3 Ng7 20.Nc2 f5 21.Nb4 Qb8 22.Rc1 
Qb6 23.Qd2 Na6 24.Nxa6 Rxa6 25.h4 f4 26.gxf4 exf4 27.Rd1 f3 28.Bf1 Raa8 
29.Qd4 Qd8 30.Bxb5 Bxb5 31.Nxb5 Rf4 32.Qe3 Qf6 33.Nc3 Re8 34.Rd3 Nh5 35.
Rh3 Qe5 36.Rxf3 Rxh4 37.Kd2 Nf4 38.Rd4 Ng2 39.Qd3 Qg5+ 40.Ke2 Nf4+ 41.Rxf4
Rxf4 42.Qg3 Qe5 43.Rd3 Ref8 44.f3 Qh5 45.Re3 Qh1 46.Nd1 R4f6 47.Rc3 h5 48.
Nf2 Qb1 49.Nd1 Kg7 50.Qh3 1/2-1/2

[Event "14th EUR-ch"]
[Site "Minsk BLR"]
[Date "2017.05.30"]
[Round "1.77"]
[White "Volkov, Sergei"]
[Black "Mista, Aleksander"]
[Result "0-1"]
[WhiteElo "2325"]
[BlackElo "2606"]
[EventDate "2017.05.30"]
[PlyCount "110"]

1.d4 Nf6 2.Nf3 g6 3.Bf4 Bg7 4.e3 O-O 5.h3 b6 6.Nbd2 Bb7 7.Be2 d6 8.O-O 
Nbd7 9.a4 a5 10.c3 Re8 11.Bh2 e5 12.dxe5 dxe5 13.Nc4 Ne4 14.Qc2 Ng5 15.
Nfd2 Qe7 16.f3 f5 17.Kh1 Rad8 18.Rad1 Nf7 19.Na3 Nc5 20.Ndc4 e4 21.Nb5 
exf3 22.Bxf3 Bxf3 23.Rxf3 Qe4 24.Rxd8 Rxd8 25.Qe2 c6 26.Nba3 Nxa4 27.Bc7 
Qd3 28.Qxd3 Rxd3 29.Rf1 b5 30.Nxa5 Nxb2 31.Nb1 c5 32.g4 Nd1 33.gxf5 Nxe3 
34.Re1 gxf5 35.Bb6 Rd1 36.Rxd1 Nxd1 37.c4 bxc4 38.Nxc4 Nf2+ 39.Kg2 Nd3 40.
Nbd2 Bf8 41.Kf3 Kg7 42.Ke3 Nb4 43.Nf3 Kf6 44.Ba5 Nd5+ 45.Kf2 f4 46.Ncd2 
Be7 47.Ke2 Kf5 48.Kd3 Nd6 49.Nc4 Nxc4 50.Kxc4 Ne3+ 51.Kd3 c4+ 52.Ke2 Bf6 
53.Bb6 Nd5 54.Ba7 c3 55.Kd3 Nb4+ 0-1

[Event "14th EUR-ch"]
[Site "Minsk BLR"]
[Date "2017.05.30"]
[Round "1.78"]
[White "Rozum, Ivan"]
[Black "Zarubitski, Viachaslau"]
[Result "1/2-1/2"]
[WhiteElo "2606"]
[BlackElo "2325"]
[EventDate "2017.05.30"]
[PlyCount "111"]

1.Nf3 Nf6 2.c4 c6 3.g3 d5 4.Bg2 dxc4 5.O-O Bf5 6.Na3 Nbd7 7.Nxc4 e6 8.d3 
h6 9.Bd2 Be7 10.Nd4 Bh7 11.Nb3 Nd5 12.Nba5 Qc8 13.e4 N5b6 14.Qg4 Bg6 15.
Rac1 O-O 16.b4 Nxc4 17.Nxc4 Qd8 18.Qe2 Rc8 19.d4 Nb6 20.Ne5 Bh7 21.Rfd1 
Bd6 22.Nd3 Qe7 23.Bc3 Rfd8 24.Qc2 Nd7 25.Qb2 b6 26.a4 Qf8 27.Qe2 Qe7 28.
Qb2 Qf8 29.Rd2 Rc7 30.Rdc2 Rdc8 31.Qa1 Nf6 32.Re1 Nd7 33.Rd2 Be7 34.Rdd1 
c5 35.dxc5 bxc5 36.b5 c4 37.Ne5 Nxe5 38.Bxe5 Bf6 39.Bxf6 gxf6 40.Qc3 Qc5 
41.e5 fxe5 42.Rxe5 Qe7 43.Bc6 Bd3 44.Rh5 Kh7 45.Re1 f5 46.Bd5 Qg7 47.Qc1 
exd5 48.Re6 f4 49.Rexh6+ Qxh6 50.Rxh6+ Kxh6 51.Qxf4+ Kg7 52.a5 Bg6 53.Qd4+
Kh6 54.Qh4+ Kg7 55.Qd4+ Kh7 56.Qh4+ 1/2-1/2

[Event "14th EUR-ch"]
[Site "Minsk BLR"]
[Date "2017.05.30"]
[Round "1.79"]
[White "Kozlitin, Roman"]
[Black "Fridman, Daniel"]
[Result "0-1"]
[WhiteElo "2323"]
[BlackElo "2605"]
[EventDate "2017.05.30"]
[PlyCount "66"]

1.e4 e6 2.Nf3 d5 3.exd5 exd5 4.d4 Nc6 5.Bd3 Bg4 6.c3 Qf6 7.Be3 Bxf3 8.gxf3
Bd6 9.Nd2 Nge7 10.Qb3 O-O-O 11.O-O-O Bf4 12.Qb5 Rd6 13.Rde1 Ng6 14.Nb3 b6 
15.Nd2 Nh4 16.Rhg1 h5 17.Qa6+ Kb8 18.Bxf4 Qxf4 19.Rg3 g5 20.Kd1 Nf5 21.
Bxf5 Qxf5 22.Re3 Qf4 23.Qe2 Kb7 24.h3 Rhh6 25.Rg1 Rhe6 26.Re1 Qh2 27.Qf1 
Ne7 28.Re5 Ng6 29.Rxg5 Rxe1+ 30.Kxe1 Nf4 31.Rf5 Rg6 32.Qb5 a6 33.Qd7 Rg1+ 
0-1

[Event "14th EUR-ch"]
[Site "Minsk BLR"]
[Date "2017.05.30"]
[Round "1.80"]
[White "Mchedlishvili, Mikheil"]
[Black "Martynov, Roman"]
[Result "1-0"]
[WhiteElo "2605"]
[BlackElo "2323"]
[EventDate "2017.05.30"]
[PlyCount "81"]

1.e4 c6 2.d4 d5 3.e5 Bf5 4.Nf3 e6 5.Be2 Ne7 6.O-O Nd7 7.Nh4 Bg6 8.Nd2 c5 
9.c3 a6 10.Nxg6 hxg6 11.Nf3 cxd4 12.cxd4 Nf5 13.g3 Be7 14.h4 Nb8 15.Kg2 
Nc6 16.b3 Qb6 17.Bb2 Rc8 18.Rc1 O-O 19.Qd2 Na7 20.Bd3 Rxc1 21.Rxc1 Rc8 22.
Rh1 Bb4 23.Qf4 Bc3 24.Bc1 Nc6 25.Bxf5 gxf5 26.h5 Bb4 27.g4 Ne7 28.h6 Ng6 
29.Qg3 Bf8 30.gxf5 exf5 31.Qh2 f4 32.hxg7 Bxg7 33.Qh7+ Kf8 34.Ba3+ Ke8 35.
Qxg7 Qe6 36.Qf6 Qg4+ 37.Kf1 Rc1+ 38.Bxc1 Qxf3 39.Rh7 Qd1+ 40.Kg2 Qg4+ 41.
Kh2 1-0

[Event "14th EUR-ch"]
[Site "Minsk BLR"]
[Date "2017.05.30"]
[Round "1.81"]
[White "Mirzoyan, David"]
[Black "Oparin, Grigoriy"]
[Result "1/2-1/2"]
[WhiteElo "2321"]
[BlackElo "2604"]
[EventDate "2017.05.30"]
[PlyCount "75"]

1.Nf3 d5 2.c4 e6 3.d4 Nf6 4.Nc3 Nbd7 5.Bf4 Bb4 6.e3 c5 7.Bd3 cxd4 8.exd4 
dxc4 9.Bxc4 Nb6 10.Bb3 Nbd5 11.Bd2 O-O 12.O-O Bd6 13.Nxd5 Nxd5 14.Re1 h6 
15.Ne5 Qh4 16.Qg4 Qxg4 17.Nxg4 Rd8 18.Ne3 Nxe3 19.Bxe3 Bd7 20.d5 e5 21.
Rac1 b6 22.g3 Rac8 23.f4 Rxc1 24.Rxc1 Re8 25.Kf2 exf4 26.gxf4 f6 27.h4 h5 
28.Bc2 Kf7 29.Bd3 g6 30.b3 Rc8 31.Rg1 Bg4 32.Rc1 Rxc1 33.Bxc1 Bc8 34.Be3 
Bb7 35.Bc4 Ke7 36.Bd3 f5 37.Bc4 Kd7 38.Kg3 1/2-1/2

[Event "14th EUR-ch"]
[Site "Minsk BLR"]
[Date "2017.05.30"]
[Round "1.82"]
[White "Vocaturo, Daniele"]
[Black "Tate, Alan"]
[Result "1-0"]
[WhiteElo "2604"]
[BlackElo "2320"]
[EventDate "2017.05.30"]
[PlyCount "55"]

1.e4 e5 2.Nf3 Nc6 3.d4 exd4 4.Bc4 Nf6 5.e5 d5 6.Bb5 Ne4 7.Nxd4 Bd7 8.Bxc6 
bxc6 9.O-O Bc5 10.f3 Ng5 11.f4 Ne4 12.Be3 Bb6 13.Nd2 Nxd2 14.Qxd2 c5 15.
Nf3 d4 16.Bf2 O-O 17.a4 a5 18.Qd3 Qc8 19.Nh4 f6 20.Rae1 Be6 21.f5 Bd5 22.
c4 Qa6 23.b3 Bc6 24.exf6 Rxf6 25.Bg3 Raf8 26.Be5 R6f7 27.f6 gxf6 28.Rxf6 
1-0

[Event "14th EUR-ch"]
[Site "Minsk BLR"]
[Date "2017.05.30"]
[Round "1.83"]
[White "Denishev, Marat"]
[Black "Bosiocic, Marin"]
[Result "0-1"]
[WhiteElo "2316"]
[BlackElo "2603"]
[EventDate "2017.05.30"]
[PlyCount "58"]

1.d4 Nf6 2.c4 e6 3.Nf3 b6 4.g3 Ba6 5.b3 Bb4+ 6.Bd2 Be7 7.Bg2 d5 8.cxd5 
exd5 9.O-O O-O 10.Nc3 Bb7 11.Ne5 Nbd7 12.Qc2 Re8 13.Rad1 h6 14.Bc1 Bd6 15.
f4 c5 16.e3 cxd4 17.exd4 Rc8 18.Qd3 Nf8 19.Kh1 Bb4 20.Bb2 Bxc3 21.Bxc3 Ne4
22.Bb2 f6 23.Nf3 Ne6 24.Nd2 Nc7 25.Qf3 Ba6 26.Bh3 Bxf1 27.Nxf1 Rb8 28.Rc1 
Qe7 29.Ne3 Nd2 0-1

[Event "14th EUR-ch"]
[Site "Minsk BLR"]
[Date "2017.05.30"]
[Round "1.84"]
[White "Pashikian, Arman"]
[Black "Murzin, Volodar"]
[Result "1-0"]
[WhiteElo "2603"]
[BlackElo "2315"]
[EventDate "2017.05.30"]
[PlyCount "81"]

1.d4 Nf6 2.Nf3 g6 3.c4 Bg7 4.Nc3 O-O 5.e4 d6 6.Be2 e5 7.O-O Nc6 8.Be3 h6 
9.d5 Ne7 10.Nd2 Nd7 11.b4 f5 12.f3 f4 13.Bf2 g5 14.c5 Nf6 15.cxd6 cxd6 16.
Nc4 Ne8 17.Nb5 b6 18.a4 Qd7 19.Nxa7 Rxa7 20.Nxb6 Qb7 21.b5 Nf6 22.Nc4 Rd8 
23.a5 Ra8 24.a6 Qb8 25.a7 Qb7 26.Na5 Qd7 27.b6 g4 28.Kh1 g3 29.Bg1 gxh2 
30.Bxh2 Nh5 31.Qa4 Rxa7 32.bxa7 Qxa7 33.Nc6 Nxc6 34.Qxa7 Nxa7 35.Rxa7 Bf6 
36.Bb5 Ng3+ 37.Bxg3 fxg3 38.Rc1 h5 39.Rac7 Bh3 40.gxh3 h4 41.Rc8 1-0

[Event "14th EUR-ch"]
[Site "Minsk BLR"]
[Date "2017.05.30"]
[Round "1.85"]
[White "Matsenko, Andrei"]
[Black "Gledura, Benjamin"]
[Result "0-1"]
[WhiteElo "2314"]
[BlackElo "2602"]
[EventDate "2017.05.30"]
[PlyCount "102"]

1.d4 Nf6 2.c4 d6 3.Nc3 Nbd7 4.Nf3 g6 5.e4 e5 6.Be2 Bg7 7.dxe5 dxe5 8.O-O 
c6 9.Qd6 Bf8 10.Qd3 Qc7 11.h3 Nc5 12.Qc2 Bg7 13.Rd1 O-O 14.b4 Ne6 15.Be3 
a5 16.a3 axb4 17.axb4 Rxa1 18.Rxa1 Nh5 19.Rd1 Qe7 20.c5 Nhf4 21.Bf1 Qf6 
22.Ne1 Nd4 23.Bxd4 exd4 24.Ne2 Rd8 25.Nxf4 Qxf4 26.g3 Qc7 27.Nf3 b5 28.
cxb6 Qxb6 29.Qc5 Qxc5 30.bxc5 Be6 31.e5 Bf8 32.Nxd4 Bxc5 33.Nxe6 Bxf2+ 34.
Kxf2 Rxd1 35.Nf4 Kf8 36.Nd3 Ke7 37.Be2 Ra1 38.Ke3 Ra3 39.Kd4 Ra2 40.Bf3 
Rh2 41.Ke3 Rxh3 42.Kf4 h5 43.Bg2 g5+ 44.Kf3 Rh2 45.Kf2 Ke6 46.Kg1 Rxg2+ 
47.Kxg2 Kd5 48.Nb4+ Kc5 49.Nc2 Kc4 50.Kf3 Kc3 51.Ne3 Kd4 0-1

[Event "14th EUR-ch"]
[Site "Minsk BLR"]
[Date "2017.05.30"]
[Round "1.86"]
[White "Neiksans, Arturs"]
[Black "Krykun, Yuriy"]
[Result "1-0"]
[WhiteElo "2599"]
[BlackElo "2308"]
[EventDate "2017.05.30"]
[PlyCount "105"]

1.c4 e6 2.g3 d5 3.Bg2 Nf6 4.Nf3 dxc4 5.Qa4+ Bd7 6.Qxc4 c5 7.Ne5 Qc8 8.Qd3 
Nc6 9.Nxd7 Qxd7 10.Qxd7+ Kxd7 11.Nc3 Be7 12.b3 Rac8 13.Bb2 Rhd8 14.e3 Ke8 
15.Ke2 b6 16.Rhd1 Nd7 17.f4 Bf6 18.g4 h6 19.h4 g6 20.g5 hxg5 21.hxg5 Bg7 
22.Rh1 Ne7 23.Rh7 Nf5 24.Rxg7 Nxg7 25.Nb5 Nf5 26.Nxa7 Ra8 27.Bxa8 Rxa8 28.
Nb5 Ke7 29.a4 Nd6 30.Nxd6 Kxd6 31.Kd3 Rb8 32.Bc3 b5 33.Kc2 Kc6 34.e4 Rb7 
35.Rh1 c4 36.axb5+ Kxb5 37.Rb1 cxb3+ 38.Rxb3+ Kc6 39.Ra3 Nc5 40.d3 Nd7 41.
Bd4 Kd6 42.Ra6+ Ke7 43.Bb2 Rb6 44.Ra7 Kd8 45.Ba3 Kc8 46.Kd2 Rb7 47.Ra4 Nb6
48.Ra6 Nd7 49.Ke3 Rb6 50.Ra7 Rb7 51.Ra4 Rb5 52.Bd6 Rb6 53.Rc4+ 1-0

[Event "14th EUR-ch"]
[Site "Minsk BLR"]
[Date "2017.05.30"]
[Round "1.87"]
[White "Sargissyan, Sargis"]
[Black "Bok, Benjamin"]
[Result "0-1"]
[WhiteElo "2306"]
[BlackElo "2598"]
[EventDate "2017.05.30"]
[PlyCount "110"]

1.e4 c5 2.Nf3 d6 3.d4 cxd4 4.Nxd4 Nf6 5.Nc3 a6 6.Be3 e5 7.Nb3 Be7 8.f3 Be6
9.Qd2 Nbd7 10.g4 b5 11.g5 Nh5 12.O-O-O O-O 13.Rg1 Nb6 14.Kb1 Qc7 15.Qf2 
Rab8 16.Nd5 Bxd5 17.exd5 Nc4 18.Bc1 a5 19.Nd2 a4 20.Ne4 g6 21.b3 Qa5 22.
Qe1 axb3 23.cxb3 Na3+ 24.Bxa3 Qxa3 25.Rg2 Rfc8 26.Rc1 Nf4 27.Rd2 Qa6 28.
Qd1 Rxc1+ 29.Qxc1 Rc8 30.Qd1 Qb6 31.Qe1 Kg7 32.Kb2 h6 33.h4 hxg5 34.hxg5 
Rh8 35.Qf2 Qb7 36.Qe3 Rh1 37.Bg2 Rh2 38.Bf1 Rxd2+ 39.Qxd2 Nxd5 40.Qh2 Qb6 
41.Qd2 Nc7 42.Qb4 Kf8 43.Qc3 b4 44.Qd2 d5 45.Nf6 Bxf6 46.gxf6 Ne8 47.a3 
bxa3+ 48.Kxa3 Qa7+ 49.Kb2 Nxf6 50.b4 Qg1 51.Bd3 Qd4+ 52.Qc3 Qxc3+ 53.Kxc3 
Ke7 54.b5 Kd6 55.Kb4 Nd7 0-1